Normal view
MARC view
Entry Personal Name
001 - CONTROL NUMBER
- control field: 3331
003 - CONTROL NUMBER IDENTIFIER
- control field: PK-LaUMT
005 - DATE AND TIME OF LATEST TRANSACTION
- control field: 20241114112410.0
008 - FIXED-LENGTH DATA ELEMENTS
- fixed length control field: 241114|| aca||aabn | a|a d
040 ## - CATALOGING SOURCE
- Original cataloging agency: PK-LaUMT
- Transcribing agency: PK-LaUMT
100 ## - HEADING--PERSONAL NAME
- Personal name: Mumtaz Mufti = ممتاز مفتی
670 ## - SOURCE DATA FOUND
- Source citation: Work cat.: (PK-LaUMT)22881: Mumtaz Mufti = ممتاز مفتی, Talaash = تلاش /, 2001
